Central Library OPAC University of Rajshahi
Normal view MARC view

Entry Topical Term

Number of records used in: 2

001 - CONTROL NUMBER

  • control field: 944

003 - CONTROL NUMBER IDENTIFIER

  • control field: BD-RjUL

005 - DATE AND TIME OF LATEST TRANSACTION

  • control field: 20220127121119.0

008 - FIXED-LENGTH DATA ELEMENTS

  • fixed length control field: 220127|| aca||aabn | a|a d

040 ## - CATALOGING SOURCE

  • Original cataloging agency: BD-RjUL
  • Transcribing agency: BD-RjUL

150 ## - HEADING--TOPICAL TERM

  • Topical term or geographic name entry element: লোকনাট্য
  • General subdivision: ইতিহাস ও সমালোচনা
  • Geographic subdivision: বাংলাদেশ
  • Geographic subdivision: বৃহত্তর রংপুর জেলা

670 ## - SOURCE DATA FOUND

  • Source citation: Work cat.: (BD-RjUL)79267: বেগম, মোছাম্মৎ ফাতেমা জোহরা 943, বৃহত্তর রংপুর অঞ্চলের লোকনাট্য :, ২০১৩